Účtovníctvo. Vybrané vzorové účtové súvzťažnosti pre podnikateľov konkrétne príklady

Vybrané príklady účtových súvzťažností pre podnikateľov. Účtová trieda 0 - Investičný majetok. Účtová trieda 1 - Zásoby. Účtová trieda 2 - Finančné účty. Účtová trieda 3 Zúčtovacie vzťahy. Účtová trieda 4 - Kapitálové a dlhodobé záväzky. Účtová trieda 5 - Náklady. Účtová trieda 6 - Výnosy. Účtová tr...

ver descrição completa

Na minha lista:
Detalhes bibliográficos
Autor principal: Ondáková, Emília
Formato: Capítulo de Livro
Idioma:eslovaco
Assuntos:
Tags: Adicionar Tag
Sem tags, seja o primeiro a adicionar uma tag!

MARC

LEADER 00000naa a2200000 4500
001 r037073
005 20230919090331.7
041 0 |a slo 
044 |a SK 
245 1 0 |a Účtovníctvo. Vybrané vzorové účtové súvzťažnosti pre podnikateľov  |b konkrétne príklady  |c Emília Ondáková 
520 |a Vybrané príklady účtových súvzťažností pre podnikateľov. Účtová trieda 0 - Investičný majetok. Účtová trieda 1 - Zásoby. Účtová trieda 2 - Finančné účty. Účtová trieda 3 Zúčtovacie vzťahy. Účtová trieda 4 - Kapitálové a dlhodobé záväzky. Účtová trieda 5 - Náklady. Účtová trieda 6 - Výnosy. Účtová trieda 7 - Závierkové a podsúvahové účty. Účtová trieda 8 a 9 Vnútropodnikové účtovníctvo. 
610 2 0 |a účtovníctvo 
610 2 0 |a triedy účtové 
610 2 0 |a prípady účtovné 
610 2 0 |a účty 
610 2 0 |a podnikatelia 
100 1 |a Ondáková, Emília